000 03435nab a2200349 i 4500
003 BR-BrBNA
005 20250211151106.0
008 250211b2017 bl.mr|pooa||| 00| 0 eng |
040 _aBR-BrBNA
_beng
072 _aL01
_b5214
100 _aAlmeida, Gledson Luiz Pontes de
100 _aPandorf, Héliton
100 _aBaptista, Fátima
100 _aGuiselini, Cristiane
100 _aFerreira, Marcelo de Andrade
100 _aCruz, Vasco Fitas
245 _aConcentrate intake and performance of dairy calves subjected to programs of supplementary lighting
500 _aPublicação on-line; 12 ref.; 2 tables; Sumaries (En, Pt)
520 _a ABSTRACT: This research aimed to assess Girolando calves’ concentrate intake and performance when placed in shelters with distinct roofing materials and programs of supplementary lighting during the milk-feeding stage. In order to so, we used a completely randomized design with a 3×3 factorial arrangement, with three replications. Females Girolando calves (n=27) were assigned in individual shelters at random with 3 different roofing materials (fiber cement tile, recycled tile and thatched roofs) and subjected to three lighting programs (12, 16 and 20 hours). No interaction was observed between roofing material and lighting programs, whilst no significant effect (P>0.05) was observed among the roofing materials. The supplementary lighting, by providing greater light exposure time, has stimulated intake and therefore, significantly affected (P<0.05) the concentrate intake and performance of the animals that were subjected to 20 hours of light. Key words: animal performance, dairy cattle, light duration, weight gain.
520 _a RESUMO: Essa pesquisa teve como objetivo avaliar o consumo de concentrado e o desempenho de bezerras da raça Girolando quando colocadas em abrigos com materiais de cobertura e programas de iluminação suplementar distintos, durante a fase de aleitamento. Para tal, nós utilizamos o delineamento experimental inteiramente casualizado em arranjo fatorial 3×3, com três repetições. As bezerras Girolando (n=27) foram distribuídas ao acaso em abrigos individuais, com materiais de cobertura distintos (telha de fibrocimento, telha reciclada e cobertura com palha), e sujeitas a três programas de iluminação (12, 16 e 20h). Não houve interação entre os mateiral de cobertura×programas de iluminação, ao mesmo tempo que não foi observado efeito significativo (P>0,05) para os materiais de cobertura. A iluminação suplementar, proporcionando maior tempo de luz, tem estimulado a ingestão, e, portanto, apresentou efeito significativo (P<0,05) no consumo de concentrado e desempenho dos animais submetidos a 20h de iluminação. Palavras-chave: desempenho animal, bovino leiteiro, duração de luz, ganho de peso.
650 _aGADO LEITEIRO
650 _aCRIAÇÃO
650 _aGANHO DE PESO
650 _aABRIGO PARA ANIMAL
650 _aILUMINAÇÃO
650 _aBEZERRO
650 _aPERFORMANCE
773 0 _02408
_9346535
_dSanta Maria-RS Universidade Federal de Santa Maria - Centro de Ciências Rurais 1991
_o2024-7206
_tCiência Rural (Brazil)
_x0103-8478 Versão online ISSN 1678-4596
_gv. 47(9) p. 1-6 ; (2017)
_wBR2024004362
856 _uhttps://www.scielo.br/j/cr/a/4MZvpwYzgnJzRhqSwmXRTZy/?format=pdf&lang=en
942 _cANA
999 _c329924
_d329924